书目信息 |
| 题名: |
舞蹈艺术价值论
|
|
| 作者: | 仝妍 著 | |
| 分册: | ||
| 出版信息: | 上海 上海音乐出版社 2012.10 |
|
| 页数: | 122页 | |
| 开本: | 23cm | |
| 丛书名: | 北京舞蹈学院舞蹈学学科建设丛书 | |
| 单 册: | ||
| 中图分类: | J70-02 | |
| 科图分类: | ||
| 主题词: | 舞蹈艺术--艺术哲学--中国 , 舞蹈艺术 , 艺术哲学 | |
| 电子资源: | ||
| ISBN: | 978-7-5523-0044-4 | |
| 000 | 01217oam2 2200325 450 | |
| 001 | 010010108125 | |
| 005 | 20140612095830.71 | |
| 010 | @a978-7-5523-0044-4@dCNY28.00 | |
| 100 | @a20121214d2012 em y0chiy50 ea | |
| 101 | 0 | @achi |
| 102 | @aCN@b310000 | |
| 105 | @ay z 000yy | |
| 106 | @ar | |
| 200 | 1 | @a舞蹈艺术价值论@9wu dao yi shu jia zhi lun@e中国当代舞蹈价值分析@f仝妍著 |
| 210 | @a上海@c上海音乐出版社@d2012.10 | |
| 215 | @a122页@d23cm | |
| 225 | 2 | @a北京舞蹈学院舞蹈学学科建设丛书 |
| 300 | @a教育部国家级特色专业建设项目 北京市特色专业建设项目 北京市人才强教深化计划项目 | |
| 312 | @a封面英文题名:The theory of dance value | |
| 330 | @a本书将传统舞蹈史研究和新兴艺术价值研究相结合,史论结合地对中国舞蹈艺术价值,特别是当代舞蹈的价值从审美价值、社会价值和经济价值三个层面进行了分析论证。 | |
| 461 | 0 | @12001 @a北京舞蹈学院舞蹈学学科建设丛书 |
| 510 | 1 | @aTheory of dance value@zeng |
| 517 | 1 | @a中国当代舞蹈价值分析@9zhong guo dang dai wu dao jia zhi fen xi |
| 606 | 0 | @a舞蹈艺术@x艺术哲学@y中国 |
| 606 | 0 | @a舞蹈艺术 |
| 606 | 0 | @a艺术哲学 |
| 690 | @aJ70-02@v5 | |
| 701 | 0 | @a仝妍@9tong yan@f(1976-)@4著 |
| 801 | 0 | @aCN@bRENTIAN@c20121214 |
| 905 | @b549623-25@dJ70-02@e128@f3 | |
| 舞蹈艺术价值论:中国当代舞蹈价值分析/仝妍著.-上海:上海音乐出版社,2012.10 |
| 122页;23cm.-(北京舞蹈学院舞蹈学学科建设丛书) |
| 教育部国家级特色专业建设项目 北京市特色专业建设项目 北京市人才强教深化计划项目 |
| ISBN 978-7-5523-0044-4:CNY28.00 |
| 本书将传统舞蹈史研究和新兴艺术价值研究相结合,史论结合地对中国舞蹈艺术价值,特别是当代舞蹈的价值从审美价值、社会价值和经济价值三个层面进行了分析论证。 |
| ● |
| 相关链接 |
|
|
|
|
正题名:舞蹈艺术价值论
索取号:J70-02/128
 
预约/预借
| 序号 | 登录号 | 条形码 | 馆藏地/架位号 | 状态 | 备注 |
| 1 | 549623 | 205496239 | 第一样本阅览室/ [索取号:J70-02/128] | 在馆 | |
| 2 | 549624 | 205496248 | 第一借阅区/ [索取号:J70-02/128] | 在馆 | |
| 3 | 549625 | 205496257 | 密集书库-音乐系/ [索取号:J70-02/128] | 在馆 |